5 Biggest Cities by Country in Asia - Statistics

General Stats
  • This quiz has been taken 47 times
  • The average score is 92 of 241
Answer Stats
Country City Population % Correct
Azerbaijan Baku 1,291,000
100%
Afghanistan Kabul 4,434,600
100%
Al-Quds 281,163
95%
Beijing 18,960,744
95%
Delhi 11,034,555
95%
Israel Jerusalem 966,210
95%
Malaysia Kuala Lumpur 1,588,750
95%
India Mumbai 12,442,373
95%
China Shanghai 21,909,814
95%
Abu Dhabi 1,750,000
92%
Jordan Amman 1,812,059
92%
Ankara 5,186,002
92%
Thailand Bangkok 5,666,264
92%
Lebanon Beirut 1,650,000
92%
Bangladesh Dhaka 10,295,786
92%
Qatar Doha 872,048
92%
UAE Dubai 3,570,099
92%
Turkey Istanbul 15,244,936
92%
Manila 1,846,513
92%
Osaka 2,752,412
92%
Osh 315,881
92%
Saudi Arabia Riyadh 6,924,566
92%
South Korea Seoul 9,586,195
92%
Iran Tehran 8,693,706
92%
Tel Aviv-Yafo 467,875
92%
Japan Tokyo 9,733,276
92%
Mongolia Ulaanbaatar 1,466,431
92%
Armenia Yerevan 1,086,677
92%
Iraq Baghdad 6,719,476
89%
Hanoi 3,605,364
89%
Vietnam Ho Chi Minh 7,004,921
89%
Yemen Sanaa 1,707,531
89%
Georgia Tbilisi 1,285,300
89%
Astana 1,354,507
86%
Guangzhou 16,096,724
86%
Indonesia Jakarta 9,607,787
86%
Jeddah 3,712,917
86%
Nepal Kathmandu 862,400
86%
Bahrain Manama 143,035
86%
Mecca 2,385,509
86%
Uzbekistan Tashkent 2,956,384
86%
Busan 3,349,016
84%
Damascus 1,414,913
84%
Pakistan Karachi 18,868,021
84%
Taiwan New Taipei City 4,365,947
84%
North Korea Pyongyang 2,521,785
84%
Singapore Singapore 6,036,860
84%
Taipei 2,594,581
84%
Bengaluru 8,495,492
81%
Kyrgyzstan Bishkek 1,103,562
81%
Izmir 2,948,160
81%
Maldives Male 137,238
81%
Syria Aleppo 2,132,100
78%
Turkmenistan Ashgabat 1,030,063
78%
Chengdu 13,568,357
78%
Timor-Leste Dili 267,623
78%
Palestine Gaza 631,215
78%
Hyderabad 6,993,262
78%
Nagoya 2,332,176
78%
Cambodia Phnom Penh 2,189,460
78%
Bhutan Thimphu 114,551
78%
Laos Vientiane 620,157
78%
Kazakhstan Almaty 2,161,797
76%
Brunei Bandar Seri Begawan 266,682
76%
Sri Lanka Colombo 561,314
76%
Tajikistan Dushanbe 1,201,800
76%
Ahmedabad 5,633,927
73%
Lahore 13,004,135
73%
Shenzhen 17,444,609
73%
Myanmar Yangon 4,814,589
73%
Medina 1,411,599
70%
Chattogram 3,230,507
68%
Naypyidaw 333,506
68%
Surabaya 2,765,487
68%
Yokohama 3,777,491
68%
Incheon 2,945,454
65%
Aden 588,938
62%
Bandung 2,394,873
62%
Haifa 282,832
62%
Sapporo 1,973,395
62%
Daegu 2,410,700
59%
Mashhad 3,001,184
59%
Russia (Asia) Novosibirsk 1,633,851
59%
Yekaterinburg 1,536,183
59%
Dammam 1,386,166
57%
Isfahan 1,961,260
57%
Mosul 1,361,819
57%
Da Nang 988,561
54%
Bursa 2,051,464
51%
Omsk 1,104,485
51%
Basra 1,340,827
49%
Rawalpindi 3,357,612
49%
Shiraz 1,565,572
49%
Davao 1,776,949
46%
Kaohsiung 2,734,275
46%
Philippines Quezon City 2,960,048
46%
Adana 1,779,463
43%
Faisalabad 3,691,999
43%
Kandahar 523,300
43%
Mandalay 1,225,546
43%
Medan 2,097,610
43%
Sharjah 1,610,000
43%
Siem Reap 225,607
41%
Tripoli 450,000
41%
Batumi 234,600
38%
Erbil 879,071
38%
Johor Bahru 809,900
38%
Samarkand 572,835
38%
Taichung 3,033,840
38%
Chelyabinsk 1,177,058
32%
Daejeon 1,488,435
32%
Homs 652,609
30%
Herat 574,300
27%
Pokhara 513,504
27%
Shymkent 1,192,120
27%
Tyre 125,000
27%
Gujranwala 2,511,118
24%
Haiphong 841,520
24%
Turkmenabat 230,861
24%
Latakia 383,786
22%
Luangprabang 66,781
22%
Aktobe 559,911
19%
Ganja 299,100
19%
Hamhung 703,610
19%
Kirkuk 972,272
19%
Rafah 208,449
19%
Al Ain 690,000
16%
Ar-Rayyan 799,933
16%
Hama 312,994
16%
Ipoh 665,600
16%
Karaganda 515,632
16%
Krasnoyarsk 1,205,473
16%
Kutaisi 161,200
16%
Salalah 293,962
16%
Sidon 250,000
16%
Erdenet 102,141
14%
Jalalabad 271,900
14%
Jalal-Abad 117,533
14%
Mazar-e Sharif 484,500
14%
Moron 42,423
14%
Riffa 79,550
14%
Ajman 557,071
11%
Al-Muharraq 91,307
11%
Battambang 151,827
11%
Bekasi 2,334,871
11%
Caloocan 1,661,584
11%
Gyumri 112,301
11%
Hulhumale 65,714
11%
Karakol 77,241
11%
Khulna 719,557
11%
Namangan 678,154
11%
Pakse 68,093
11%
Oman Seeb 470,878
11%
Zamboanga 977,234
11%
Zarqa 635,160
11%
Al-Hudaydah 409,994
8%
Baucau 19,118
8%
Bharatpur 369,268
8%
Darkhan 84,429
8%
Dasoguz 201,142
8%
Farwaniya 791,744
8%
Gazipur 2,677,715
8%
Kuwait Hawalli 926,170
8%
Hithadhoo 13,759
8%
Irbid 502,714
8%
Karaj 1,592,492
8%
Khujand 198,700
8%
Klang 826,400
8%
Kuala Belait 27,819
8%
Mary 167,027
8%
Nonthaburi 254,375
8%
Nukus 334,557
8%
Rishon LeZion 257,128
8%
Savannakhet 91,684
8%
Sumqayit 435,600
8%
Taiz 466,968
8%
Taoyuan 2,441,064
8%
Vanadzor 75,186
8%
Wonsan 328,467
8%
Ad-Dawhah al-Mintaqat as-Sinayah 313,754
5%
Al-Wukair 134,481
5%
Andijan 468,055
5%
Bago 254,424
5%
Bien Hoa 830,829
5%
Choibalsan 47,153
5%
Hat Yai 156,802
5%
Ibb 212,992
5%
Istaravshan 64,300
5%
Jahra 455,786
5%
Khan Yunis 246,307
5%
Petah Tikva 252,270
5%
Phonsavan 48,643
5%
Rustavi 131,800
5%
Samdrup Jongkhar 9,325
5%
Seria 16,340
5%
Sinuiju 334,031
5%
Sohar 219,264
5%
Subang Jaya 718,200
5%
Taunggyi 264,804
5%
Zahle 140,000
5%
A'ali 47,529
3%
Balkanabat 123,190
3%
Bawshar 362,523
3%
Birgunj 272,382
3%
Bokhtar 126,700
3%
Chongjin 614,892
3%
Dehiwala-Mount Lavinia 184,468
3%
Funtas 447,009
3%
Fuvahmulah 9,177
3%
Jabalia 222,166
3%
Kaduwela 252,041
3%
Kulob 105,800
3%
Lalitpur 294,098
3%
Lospalos 12,782
3%
Maharagama 196,423
3%
Matrah 230,881
3%
Mingechevir 119,977
3%
Narayanganj 967,951
3%
Pak Kret 190,272
3%
Pante Macassar 15,240
3%
Phuntsholing 27,658
3%
Russeifa 472,604
3%
Sukhumi 67,087
3%
Tutong 8,596
3%
Vagharshapat 44,837
3%
Abovyan 46,434
0%
Al-Quwaysimah 296,763
0%
Bukit Beruang 9,835
0%
Chaophraya Surasak 143,024
0%
Gelaphu 9,858
0%
Hamad Town 52,718
0%
Janub al-Kuwayt 388,294
0%
Kesbewa 185,122
0%
Khirdalan 213,400
0%
Kulhudhuffushi 10,131
0%
Maliana 13,078
0%
Poipet 79,475
0%
Ta Khmao 91,344
0%
Tokmok 73,433
0%
Tshongdue 11,448
0%
Umm Salal Muhammad 149,701
0%
No matching quizzes found
Score Distribution
Percent of People with Each Score
Percentile by Number Answered
Your Score History
You have not taken this quiz